The past has another pattern : memoirs /

Bibliographic Details
Main Author: Ball, George W.
Format: Book
Language:English
Published: New York : Norton, [1982]
Edition:1st ed.
Subjects:

MARC

Tag First Indicator Second Indicator Subfields
LEADER 00000cam a22000008a 4500
001 in00000085474
005 20151008061511.0
008 811119s1982 nyuabc b 00110aeng
010 |a  81018924  
020 |a 0393014819 
035 |a (OCoLC)07998976 
035 |9 AAJ8195AM 
039 0 |a 2  |b 3  |c 3  |d 3  |e 3 
040 |a DLC  |c DLC  |d TXA  |d UtOrBLW 
043 |a n-us--- 
049 |a TXAM  |c [388126] 
050 0 0 |a E840.8.B32  |b A36 1982 
082 0 |a 973.9  |2 19 
100 1 |a Ball, George W. 
245 1 4 |a The past has another pattern :  |b memoirs /  |c George W. Ball. 
250 |a 1st ed. 
263 |a 8204 
264 1 |a New York :  |b Norton,  |c [1982] 
264 4 |c ©1982 
300 |a xii, 527 pages :  |b illustrations, maps, portraits ;  |c 25 cm. 
336 |a text  |b txt  |2 rdacontent 
337 |a unmediated  |b n  |2 rdamedia 
338 |a volume  |b nc  |2 rdacarrier 
504 |a Includes bibliographical references and index. 
600 1 0 |a Ball, George W. 
650 0 |a Statesmen  |z United States  |v Biography. 
651 0 |a United States  |x Foreign relations  |y 1945-1953. 
651 0 |a United States  |x Foreign relations  |y 1933-1945. 
651 0 |a United States  |x Foreign relations  |y 1945-1989. 
999 |a MARS 
999 f f |s 502bb6b1-b454-3d3a-8d66-3d18da8ed584  |i bd97e457-ad19-342e-b3bd-ecdcbe961b46  |t 0 
952 f f |p normal  |a Texas A&M University  |b College Station  |c Sterling C. Evans Library  |d Evans: Library Stacks  |t 0  |e E840.8.B32 A36 1982  |h Library of Congress classification  |i unmediated -- volume  |m A14806108413 
998 f f |a E840.8.B32 A36 1982  |t 0  |l Evans: Library Stacks